Cours de mathématiques
Uloženo v:
| Hlavní autor: | |
|---|---|
| Médium: | Kniha |
| Jazyk: | francouzština |
| Vydáno: |
París
Masson
1968
|
| Témata: | |
| Tagy: |
Přidat tag
Žádné tagy, Buďte první, kdo vytvoří štítek k tomuto záznamu!
|
MARC
| LEADER | 00000nam a2200000 a 4500 | ||
|---|---|---|---|
| 001 | UCP0764 | ||
| 003 | CL-VaPUC | ||
| 008 | 990319e19680000FR |||||||||||||||||fre|d | ||
| 082 | 0 | 4 | |a 510 |b BAS |2 21 |
| 100 | 0 | |a Bass, J |e author |9 426284 | |
| 245 | 1 | 0 | |a Cours de mathématiques |
| 300 | |a 2 v | ||
| 942 | |c BK | ||
| 945 | |d 19990319 00:00:00 |a crobeson | ||
| 260 | |a París |b Masson |c 1968 | ||
| 500 | |a v.1: Algébre de Boole - matrices et tenseurs, Intégrales simples - convergence uniforme, Séries et intégrales de Fourier, fonctions de Carré intégrales, courbes, surfaces, intégrales multiples | ||
| 500 | |a v.2: Foctions analytiques, équations différentielles - transformation de Laplace, calcul de variations, équations aux dérives partielles - foctions harmoniques, méthodes numériques | ||
| 650 | 0 | |a Matemática |9 260235 | |
| 650 | 0 | |a Álgebra de Boole |9 270013 | |
| 650 | 0 | |a Matrices |9 22 | |
| 650 | 0 | |a Integrales |9 260233 | |
| 650 | 0 | |a Series de Fourier |9 260465 | |
| 650 | 0 | |a Ecuaciones diferenciales |9 260083 | |
| 650 | 0 | |a Transformada de Laplace |9 422308 | |
| 650 | 7 | |a FUNCIONES ARMONICAS |2 CL-VaPUC |9 322166 | |
| 583 | |a last modification |c 19990319 00:00:00 |k Rodrigo Vera | ||
| 999 | |c 279511 |d 279509 | ||
| 952 | |0 0 |1 0 |4 0 |6 510_000000000000000_BAS_1968 |7 0 |8 A |9 319061 |a BIBMAT |b BIBMAT |d 2019-11-20 |h v.1 |i 1330101 |o 510 BAS 1968 |p 1330101 |r 2025-01-07 |w 2019-11-20 |y BK |k MAT | ||
| 952 | |0 0 |1 0 |4 0 |6 510_000000000000000_BAS_1968 |7 0 |8 A |9 319062 |a BIBMAT |b BIBMAT |d 2019-11-20 |h v.2 |i 133011K |o 510 BAS 1968 |p 133011K |r 2025-01-07 |w 2019-11-20 |y BK |k MAT | ||